00455nam a22001577a 450000500170000001000150001702000260003203500140005803700130007208200080008510000180009324500400011126000510015127000750020230000200027720220901151941.0 aENG-134872 a9789354866296c100.00 aEN-118404 bDBAD/PUB a920 aKaur, Savneet aJagdish Chandra Bose/cSavneet Kaur aNew DelhibDiamond Pocket Books Pvt. Ltdc2022 bNew DelhiaX-30, OKhla Industrial Area, Phase-IIe110020msales@dpb.in a95p.c22cm(pbk)